| 000 | 01192nam a2200313 i 4500 | ||
|---|---|---|---|
| 999 |
_c65438 _d65438 |
||
| 001 | 768714001 | ||
| 003 | CO-MdFUSB | ||
| 005 | 20200306150902.0 | ||
| 007 | ta | ||
| 008 | 200306t1976 enk |||| |||| 00| 0 eng d | ||
| 020 | _a0140134840 | ||
| 040 |
_aCO-MdFUSB _bspa _cCO-MdFUSB _dCO-MdFUSBC _erda |
||
| 041 | _aeng | ||
| 082 |
_223 _a|270 _bJ66 |
||
| 100 |
_aJohnson, Paul. _eautor |
||
| 245 |
_aA history of Christianity _c/ Paul Johnson, |
||
| 264 | 1 |
_aInglaterra : _bPenguin Books, _c[1976] |
|
| 264 | 4 | _c© 1976 | |
| 300 |
_a556 páginas _c; 21 cm |
||
| 336 |
_2rdacontent _atexto _btxt |
||
| 337 |
_2rdamedia _asin mediación _bn |
||
| 338 |
_2rdacarrier _avolumen _bnc |
||
| 505 | _aEl ascenso y rescate de la Secta de Jesús (50 a. C.- 250 d. C.) -- De mártires a inquisidores (250-450 d. C.) -- Señores mitrados e ikons coronados (450-1054) -- La sociedad total y sus enemigos (1054- 1500) -- La tercera fuerza (1500-1648) -- Fe, razón y sinrazón (1648-1870) -- Pueblos casi elegidos (1500-1910) -- El nadir del triunfalismo (1870-1975). | ||
| 563 | _aRústico | ||
| 650 | 0 |
_9153 _aHistoria de la Iglesia |
|
| 942 | _cBK | ||
| 945 | _aJTF-925 | ||